• 首页
  • 本馆介绍
  • 公告通知
  • 最新文献
  • 馆藏检索
  • 电子资源
  • 读者导购
  • 参考咨询
  • 我的图书馆
  • 登录
  • 详细信息显示
  • 放入我的书架
  • 预约/预借图书
  • 作者相关作品
  • 分类相关作品
  • 丛书相关作品
  • 出版社相关作品

书目信息

  • 表格格式
  • 工作单格式
  • 卡片格式
题名:
混合动力汽车结构与检修
    
 
作者: 旋艳静 , 陈元富 主编
分册:  
出版信息: 天津   天津科学技术出版社  2020.1
页数: 178页
开本: 29cm
丛书名:
单 册:
中图分类: U469.7
科图分类:
主题词: 混合动力汽车--高等学校--教材
电子资源:
ISBN: 978-7-5308-8604-5
000 01088nam0 2200277 45
001 012001000855
005 20140912085305.0
010    @a978-7-5308-8604-5@dCNY38.00
090    @aU469.7@bxyj
096    @aU469@bsyj
100    @a20140422d2014 em y0chiy50 ea
101 0  @achi
102    @aCN@b120000
105    @aa z 000yy
106    @ar
200 1  @a混合动力汽车结构与检修@Ahun he dong li qi che jie gou yu jian xiu@f旋艳静,陈元富主编
210    @a天津@c天津科学技术出版社@d2020.1
215    @a178页@c图@d29cm
300    @a21世纪汽车专业“十二五”规划新教材 任务引领、项目驱动型新教材
330    @a本书内容包括:混合动力汽车基础知识、混合动力汽车动力电池、混合动力汽车电动机、丰田混合动力电动汽车、宝马混合动力汽车、大众混合动力汽车共六个项目三十个活动,分析了当前混合动力汽车的发展,介绍了混合动力汽车技术,阐述了混合动力汽车的结构和工作原理。
606 0  @a混合动力汽车@x高等学校@j教材
690    @aU469.7@v5
701  0 @a旋艳静@Axuan yan jing@4主编
701  0 @a陈元富@Achen yuan fu@4主编
801  0 @aCN@bBJSDL@c20211011
905    @b1332288-91@dU469.7@e1023@f4
    
    混合动力汽车结构与检修/旋艳静,陈元富主编.-天津:天津科学技术出版社,2020.1
    178页:图;29cm
    21世纪汽车专业“十二五”规划新教材 任务引领、项目驱动型新教材
    
    ISBN 978-7-5308-8604-5:CNY38.00
    本书内容包括:混合动力汽车基础知识、混合动力汽车动力电池、混合动力汽车电动机、丰田混合动力电动汽车、宝马混合动力汽车、大众混合动力汽车共六个项目三十个活动,分析了当前混合动力汽车的发展,介绍了混合动力汽车技术,阐述了混合动力汽车的结构和工作原理。
●
相关链接 在E读中查询图书 在五车中查询图书 在当当中查询图书 在豆瓣中查询图书


正题名:混合动力汽车结构与检修     索取号:U469.7/1023         预约/预借

序号 登录号 条形码 馆藏地/架位号 状态 备注
1 1332288   213322885   第二样本阅览室/ [索取号:U469.7/1023] 在馆    
2 1332289   213322894   第三借阅区/ [索取号:U469.7/1023] 在馆    
3 1332290   213322901   第三借阅区/ [索取号:U469.7/1023] 在馆    
4 1332291   213322910   第三借阅区/ [索取号:U469.7/1023] 在馆    
唐山师范学院图书馆 欢迎您!
大连网信软件有限公司© 版权所有